|
|
|
|
| LEADER |
00000cam a2200000 c 4500 |
| 001 |
272730246 |
| 003 |
DE-627 |
| 005 |
20260206200317.0 |
| 007 |
tu |
| 008 |
940608s1994 gw ||||| m 00| ||ger c |
| 015 |
|
|
|a 94,N12,0229
|2 dnb
|
| 015 |
|
|
|a 94,N12,0229
|2 dnb
|
| 016 |
7 |
|
|a 940225875
|2 DE-101
|
| 020 |
|
|
|a 363147086X
|9 3-631-47086-X
|
| 035 |
|
|
|a (DE-627)272730246
|
| 035 |
|
|
|a (DE-603)028611411
|
| 035 |
|
|
|a (DE-576)039398862
|
| 035 |
|
|
|a (DE-599)GBV272730246
|
| 035 |
|
|
|a (OCoLC)231593713
|
| 035 |
|
|
|a (OCoLC)844250261
|
| 035 |
|
|
|a (OCoLC)34357153
|
| 035 |
|
|
|a (DE-604)8091288525
|
| 040 |
|
|
|a DE-627
|b ger
|c DE-627
|e rakwb
|
| 041 |
|
|
|a ger
|
| 044 |
|
|
|c XA-DE
|c XA-CH
|c XD-US
|
| 050 |
|
0 |
|a KK8433
|
| 082 |
0 |
|
|a 344.30528
|
| 082 |
0 |
|
|a 345.43/028
|
| 082 |
0 |
|
|a 345.43028
|
| 082 |
0 |
|
|a 345.43028
|a 344.30528
|q LoC
|2 DDC20oclc
|
| 084 |
|
|
|a 19
|a 33
|a 32
|2 sdnb
|
| 084 |
|
|
|a PH 3830
|2 rvk
|0 (DE-625)rvk/136086:
|
| 084 |
|
|
|a PH 3980
|2 rvk
|0 (DE-625)rvk/136100:
|
| 084 |
|
|
|a PJ 3060
|2 rvk
|0 (DE-625)rvk/136705:
|
| 084 |
|
|
|a 86.55
|2 bkl
|
| 100 |
1 |
|
|8 1\p
|a Grabsch, Winfried
|d 1960-
|0 (DE-588)172695643
|0 (DE-627)697628302
|0 (DE-576)133553558
|4 aut
|
| 109 |
|
|
|a Grabsch, Winfried 1960-
|
| 245 |
1 |
4 |
|a Die Strafbarkeit der Offenbarung höchstpersönlicher Daten des ungeborenen Menschen
|c von Winfried Grabsch
|
| 264 |
|
1 |
|a Frankfurt am Main
|a Berlin [u.a.]
|b Lang
|c 1994
|
| 300 |
|
|
|a 230 S.
|
| 336 |
|
|
|a Text
|b txt
|2 rdacontent
|
| 337 |
|
|
|a ohne Hilfsmittel zu benutzen
|b n
|2 rdamedia
|
| 338 |
|
|
|a Band
|b nc
|2 rdacarrier
|
| 490 |
1 |
|
|a Recht & [und] Medizin
|v 31
|
| 500 |
|
|
|a Literaturverz. S. 217 - 230
|
| 502 |
|
|
|a Zugl.: Tübingen, Univ., Diss., 1993
|
| 583 |
1 |
|
|a Archivierung/Langzeitarchivierung gewährleistet
|f DISS
|x XA-DE-BW
|2 pdager
|5 DE-21
|
| 650 |
|
0 |
|a Confidential communications
|x Physicians
|z Germany
|x Criminal provisions
|
| 650 |
|
0 |
|a Personality (Law)
|z Germany
|x Criminal provisions
|
| 650 |
|
0 |
|a Unborn children (Law)
|z Germany
|
| 655 |
|
7 |
|a Hochschulschrift
|0 (DE-588)4113937-9
|0 (DE-627)105825778
|0 (DE-576)209480580
|2 gnd-content
|
| 689 |
0 |
0 |
|d s
|0 (DE-588)4078545-2
|0 (DE-627)104197269
|0 (DE-576)209209100
|a Ungeborenes
|2 gnd
|
| 689 |
0 |
1 |
|d s
|0 (DE-588)4011134-9
|0 (DE-627)106354213
|0 (DE-576)208891986
|a Datenschutz
|2 gnd
|
| 689 |
0 |
|
|5 DE-101
|
| 689 |
1 |
0 |
|d s
|0 (DE-588)4078545-2
|0 (DE-627)104197269
|0 (DE-576)209209100
|a Ungeborenes
|2 gnd
|
| 689 |
1 |
1 |
|d s
|0 (DE-588)4280567-3
|0 (DE-627)104320397
|0 (DE-576)210761741
|a Geheimnisschutz
|2 gnd
|
| 689 |
1 |
2 |
|d s
|0 (DE-588)4057795-8
|0 (DE-627)106149458
|0 (DE-576)209123737
|a Strafrecht
|2 gnd
|
| 689 |
1 |
|
|5 DE-101
|
| 751 |
|
|
|a Tübingen
|0 (DE-588)4061147-4
|0 (DE-627)106136933
|0 (DE-576)209138351
|4 uvp
|
| 830 |
|
0 |
|a Recht und Medizin
|v 31
|9 31
|w (DE-627)167715550
|w (DE-576)015842932
|w (DE-600)564989-4
|x 0172-116X
|7 am
|
| 856 |
4 |
2 |
|u http://www.gbv.de/dms/spk/sbb/toc/272730246.pdf
|m V:DE-601
|m B:DE-1
|q pdf/application
|x Verlag
|y Inhaltsverzeichnis
|3 Inhaltsverzeichnis
|7 1
|
| 883 |
|
|
|8 1\p
|a cgwrk
|d 20241001
|q DE-101
|u https://d-nb.info/provenance/plan#cgwrk
|
| 889 |
|
|
|w (DE-627)147846412
|
| 935 |
|
|
|i mdedup
|
| 935 |
|
|
|i Blocktest
|
| 935 |
|
|
|h HEB
|i 0501
|
| 935 |
|
|
|h HEB
|i 0503
|
| 936 |
r |
v |
|a PH 3830
|b Verletzung des persönlichen Lebens- und Geheimbereichs
|k Rechtswissenschaft
|k Strafrecht, Strafverfahrensrecht, Kriminologie
|k Strafrecht
|k Straftaten gegen die Person
|k Verletzung des persönlichen Lebens- und Geheimbereichs
|0 (DE-627)1272236951
|0 (DE-625)rvk/136086:
|0 (DE-576)202236951
|
| 936 |
r |
v |
|a PH 3980
|b Sonstige Einzeldarstellungen zum Besonderen Teil des StGB
|k Rechtswissenschaft
|k Strafrecht, Strafverfahrensrecht, Kriminologie
|k Strafrecht
|k Sonstige Einzeldarstellungen zum Besonderen Teil des StGB
|0 (DE-627)1272071413
|0 (DE-625)rvk/136100:
|0 (DE-576)202071413
|
| 936 |
r |
v |
|a PJ 3060
|b Sonstige Einzelfragen im materiellen Strafrecht
|k Rechtswissenschaft
|k Medizinrecht (Biorecht, Recht des Gesundheitswesens, Arzneimittel- und Medizinproduktrecht, Medizinstrafrecht, Apothekenrecht)
|k Recht des Gesundheitswesens
|k Medizinstrafrecht
|k Sonstige Einzelfragen im materiellen Strafrecht
|0 (DE-627)1448228239
|0 (DE-625)rvk/136705:
|0 (DE-576)378228234
|
| 936 |
b |
k |
|a 86.55
|j Datenschutzrecht
|0 (DE-627)106422472
|
| 936 |
s |
n |
|a p100
|2 mzub
|
| 936 |
s |
n |
|a w200
|2 mzub
|
| 936 |
s |
n |
|a w100
|2 mzub
|
| 951 |
|
|
|a BO
|
| ELC |
|
|
|b 1
|
| LOK |
|
|
|0 000 xxxxxcx a22 zn 4500
|
| LOK |
|
|
|0 001 324450986X
|
| LOK |
|
|
|0 003 DE-627
|
| LOK |
|
|
|0 004 272730246
|
| LOK |
|
|
|0 005 20151116135619
|
| LOK |
|
|
|0 008 150728||||||||||||||||ger|||||||
|
| LOK |
|
|
|0 035
|a (DE-21-110)kd16455
|
| LOK |
|
|
|0 040
|a DE-21-110
|c DE-627
|d DE-21-110
|
| LOK |
|
|
|0 689
|a s
|a Datenschutz
|
| LOK |
|
|
|0 689
|a s
|a Embryonen
|
| LOK |
|
|
|0 852
|z Kein Bestand am IfK; Nachweis für KrimDok
|
| LOK |
|
|
|0 852
|a DE-21-110
|
| LOK |
|
|
|0 852 1
|9 00
|
| LOK |
|
|
|0 935
|a k110
|
| LOK |
|
|
|0 939
|a 28-07-15
|b l01
|
| ORI |
|
|
|a SA-MARC-krimdoka001.raw
|